Alternatívne školy - školy s integrovaným tematickým vyučovaním (ITV)

Metódy ITV sú prioritne zamerané na rozvoj osobnosti dieťaťa, čiže preferenciu výchovy schopností a postojov pred rozsahom vedomostí. Cieľom je rozvoj zručností potrebných pre sebarealizáciu človeka.

Na minha lista:
Detalhes bibliográficos
Autor principal: Neupauerová, Zuzana
Formato: Capítulo de Livro
Idioma:eslovaco
Assuntos:
Tags: Adicionar Tag
Sem tags, seja o primeiro a adicionar uma tag!

MARC

LEADER 00000nla a2200000 4500
001 0175580
005 20240502073009.3
041 0 |a slo 
044 |a SK 
245 1 0 |a Alternatívne školy - školy s integrovaným tematickým vyučovaním (ITV)  |c Zuzana Neupauerová 
520 |a Metódy ITV sú prioritne zamerané na rozvoj osobnosti dieťaťa, čiže preferenciu výchovy schopností a postojov pred rozsahom vedomostí. Cieľom je rozvoj zručností potrebných pre sebarealizáciu človeka. 
610 2 0 |a školstvo 
610 2 0 |a školy 
610 2 0 |a vyučovanie 
610 2 0 |a metódy 
610 2 0 |a sústava výchovno-vzdelávacia 
610 2 0 |a koncepcie 
610 2 0 |a psychológia pedagogická 
100 1 |a Neupauerová, Zuzana